000 00560nam a22001937a 4500
999 _c8082
_d8082
003 OSt
005 20230307102439.0
008 230307b ||||| |||| 00| 0 eng d
020 _a9780702034817
040 _cMUST
082 _aW100H347g 2009
100 _aBrunette,W.Gary;{et...al}
_916465
245 _aCDC Health Information for International travel 2010:
_bThe yellow book
260 _aGeorgia,
_bMosby Elsevier;
_c2009
300 _axi,528p;
_bcol,ill;
_c27cm.
504 _aincludes index and appendix
650 _aMedicine
_9324
942 _2z
_cO_SHELF